Kalkulácia nákladov : návody na cvičenia /

Main Author: Chromjaková, Felicita
Corporate Author: Žilinská univerzita. Strojnícka fakulta
Language: Slovak
Published: V Žiline : EDIS - vydavateľstvo ŽU, 2004
Edition: Vyd. 1.
Physical Description: 105 s. : il. ; 30 cm
Book
Saved in:
LEADER 01352nam a2200361 a 4500
001 000826272
003 CZ BrMZK
005 20060927164314.0
007 ta
008 060919s2004 xo a erp 000 0 slo
020 |a 80-8070-339-6  |q (brož.) 
040 |a BOA001  |b cze 
072 7 |a 657  |x Účetnictví  |2 Konspekt  |9 4 
072 7 |a 37.016  |x Učební osnovy. Vyučovací předměty. Učebnice  |2 Konspekt  |9 22 
080 |a 657.474.5  |2 MRF 
080 |a (075.8)  |2 MRF 
080 |a (076.5)  |2 MRF 
100 1 |a Chromjaková, Felicita  |7 mzk2005317825  |4 aut 
245 1 0 |a Kalkulácia nákladov :  |b návody na cvičenia /  |c Felicita Chromjaková 
250 |a Vyd. 1. 
260 |a V Žiline :  |b EDIS - vydavateľstvo ŽU,  |c 2004 
300 |a 105 s. :  |b il. ;  |c 30 cm 
500 |a Nad názvem: Žilinská univerzita v Žiline, Strojnícka fakulta 
500 |a 150 výt. 
541 |a Bratislava, Centrum vedecko-technických informácií SR 
650 0 7 |a kalkulace nákladů  |7 ph166527  |2 czenas 
655 7 |a učebnice vysokých škol  |7 fd133772  |2 czenas 
655 7 |a praktická cvičení  |7 fd133118  |2 czenas 
710 2 |a Žilinská univerzita.  |b Strojnícka fakulta  |7 mzk2002157174 
910 2 |a BOA001  |b 3-1174.486 
990 |a BK 
991 |b 200609  |c NOV 
996 7 |b 2610290258  |c 3-1174.486  |l MZK  |r Sklad / do 1 hodiny  |n 0  |p vým  |w 000826272  |u 000010  |a 1  |e BOA001  |j MZK50  |s A